|
|
|
|
| LEADER |
03006nam a2200817 i 4500 |
| 001 |
nkc20203241808 |
| 003 |
CZ PrNK |
| 005 |
20211005160836.0 |
| 007 |
ta |
| 008 |
200811t20212021xr f 000 0 cze |
| 015 |
|
|
|a cnb003241808
|
| 020 |
|
|
|a 978-80-906325-5-4
|q (brožováno)
|
| 035 |
|
|
|a (OCoLC)1274108839
|
| 040 |
|
|
|a ABA001
|b cze
|d BOA001
|e rda
|
| 043 |
|
|
|a x------
|
| 072 |
|
7 |
|a 2
|x Náboženství
|2 Konspekt
|9 5
|
| 080 |
|
|
|a 2-184.2-58
|2 MRF
|
| 080 |
|
|
|a 2-4
|2 MRF
|
| 080 |
|
|
|a 21/29-027.543
|2 MRF
|
| 080 |
|
|
|a 2-853.5/-87
|2 MRF
|
| 080 |
|
|
|a 2-664.3
|2 MRF
|
| 080 |
|
|
|a 316.72/.75
|2 MRF
|
| 080 |
|
|
|a 2-67
|2 MRF
|
| 080 |
|
|
|a 316.72/.73
|2 MRF
|
| 080 |
|
|
|a 17
|2 MRF
|
| 080 |
|
|
|a 2-18
|2 MRF
|
| 080 |
|
|
|a 2-1:101
|2 MRF
|
| 080 |
|
|
|a 2-6-8
|2 MRF
|
| 080 |
|
|
|a (100)
|2 MRF
|
| 080 |
|
|
|a (048.8)
|2 MRF
|
| 100 |
1 |
|
|a Havelka, Ondřej,
|d 1980-
|7 xx0057847
|4 aut
|
| 245 |
1 |
0 |
|a Náboženský šok :
|b religiózní otřesy v odlišných náboženstvích a kulturách, mezináboženský dialog a praktická religionistika poutnickou perspektivou /
|c Ondřej Havelka
|
| 250 |
|
|
|a První vydání
|
| 264 |
|
1 |
|a [Praha] :
|b Akbar,
|c [2021]
|
| 264 |
|
4 |
|c ©2021
|
| 300 |
|
|
|a 305 stran ;
|c 19 cm
|
| 336 |
|
|
|a text
|b txt
|2 rdacontent
|
| 337 |
|
|
|a bez média
|b n
|2 rdamedia
|
| 338 |
|
|
|a svazek
|b nc
|2 rdacarrier
|
| 504 |
|
|
|a Obsahuje bibliografii a bibliografické odkazy
|
| 650 |
0 |
7 |
|a náboženské zkušenosti
|7 ph202181
|z země světa
|2 czenas
|
| 650 |
0 |
7 |
|a náboženský život
|7 ph123387
|z země světa
|2 czenas
|
| 650 |
0 |
7 |
|a světová náboženství
|7 ph116361
|2 czenas
|
| 650 |
0 |
7 |
|a náboženské kulty
|7 ph123378
|2 czenas
|
| 650 |
0 |
7 |
|a synkretismus (náboženství)
|7 ph138309
|2 czenas
|
| 650 |
0 |
7 |
|a kulturní diverzita
|7 ph497317
|2 czenas
|
| 650 |
0 |
7 |
|a mezináboženský dialog
|7 ph138524
|x etické a morální aspekty
|2 czenas
|
| 650 |
0 |
7 |
|a dialog kultur
|7 ph478605
|x etické a morální aspekty
|2 czenas
|
| 650 |
0 |
7 |
|a člověk
|7 ph116876
|2 czenas
|
| 650 |
0 |
7 |
|a teologie a filozofie
|7 ph332188
|2 czenas
|
| 650 |
0 |
7 |
|a religionistika
|7 ph125111
|2 czenas
|
| 650 |
0 |
9 |
|a religious experiences
|z countries of the world
|2 eczenas
|
| 650 |
0 |
9 |
|a religious life
|z countries of the world
|2 eczenas
|
| 650 |
0 |
9 |
|a religions
|2 eczenas
|
| 650 |
0 |
9 |
|a religious cults
|2 eczenas
|
| 650 |
0 |
9 |
|a syncretism (religion)
|2 eczenas
|
| 650 |
0 |
9 |
|a cultural diversity
|2 eczenas
|
| 650 |
0 |
9 |
|a interreligious dialogue
|x ethical and moral aspects
|2 eczenas
|
| 650 |
0 |
9 |
|a dialogue of cultures
|x ethical and moral aspects
|2 eczenas
|
| 650 |
0 |
9 |
|a human beings
|2 eczenas
|
| 650 |
0 |
9 |
|a theology and philosophy
|2 eczenas
|
| 650 |
0 |
9 |
|a religious science
|2 eczenas
|
| 653 |
0 |
|
|a náboženský šok
|
| 655 |
|
7 |
|a monografie
|7 fd132842
|2 czenas
|
| 655 |
|
9 |
|a monographs
|2 eczenas
|
| 910 |
2 |
|
|a BOA001
|b 1-1469.247
|
| 928 |
9 |
|
|a Granite Design - Akbar
|
| 990 |
|
|
|a BK
|
| 995 |
|
|
|a 01
|
| 991 |
|
|
|b 202107
|c NOV
|
| 996 |
6 |
|
|b 2610871351
|c 1-1469.247
|l MZK
|r Sklad / do 1 hodiny
|n 1
|p p.v.
|w 001857208
|u 000010
|a 1
|e BOA001
|j MZK50
|s P
|